[Event "SVK-chT2C 1213"]
[Site "Slovakia"]
[Date "2013.02.16"]
[Round "8.2"]
[White "Trgina, Daniel"]
[Black "Kikinder, Roman"]
[Result "1-0"]
[WhiteElo "2105"]
[BlackElo "2119"]
[PlyCount "35"]
[EventDate "2012.10.13"]
[EventType "team-tourn"]
[EventRounds "11"]
[EventCountry "SVK"]
[SourceTitle "EXT 2015"]
[Source "ChessBase"]
[SourceDate "2014.11.20"]
[SourceVersion "1"]
[SourceVersionDate "2014.11.20"]
[SourceQuality "1"]
[WhiteTeam "Banska Bystrica Veza"]
[BlackTeam "Zvolen Slavia"]
[WhiteTeamCountry "SVK"]
[BlackTeamCountry "SVK"]

1. e4 e5 2. Nf3 d6 3. d4 exd4 4. Qxd4 a6 5. Bg5 Qd7 6. Nc3 h6 7. Bh4 Ne7 8. 0-0-0 Nbc6 9. Qe3 g5 10. Bg3 Qe6 11. h4 g4 12. Nd4 Qd7 13. Bc4 Bg7 14. Nf5 Nxf5 15. exf5+ Ne5 16. f6 Bxf6 17. Nd5 Bg7 18. Bxe5 1-0

[Event "SVK-chT2C 1213"]
[Site "Slovakia"]
[Date "2012.12.01"]
[Round "3.2"]
[White "Svana, Peter"]
[Black "Kikinder, Roman"]
[Result "0-1"]
[WhiteElo "2294"]
[BlackElo "2119"]
[PlyCount "98"]
[EventDate "2012.10.13"]
[EventType "team-tourn"]
[EventRounds "11"]
[EventCountry "SVK"]
[SourceTitle "EXT 2015"]
[Source "ChessBase"]
[SourceDate "2014.11.20"]
[SourceVersion "1"]
[SourceVersionDate "2014.11.20"]
[SourceQuality "1"]
[WhiteTeam "Dunajov II"]
[BlackTeam "Zvolen Slavia"]
[WhiteTeamCountry "SVK"]
[BlackTeamCountry "SVK"]

1. d4 Nf6 2. c4 e6 3. Nf3 b6 4. g3 Ba6 5. Qa4 Be7 6. Bg2 0-0 7. 0-0 Bb7 8. Nc3 Ne4 9. Rd1 Nxc3 10. bxc3 d6 11. Ba3 Qc8 12. Qc2 f5 13. Qb3 Nc6 14. Nd2 Na5 15. Bxb7 Qxb7 16. Qa4 c5 17. Rab1 Qc6 18. Qxc6 Nxc6 19. Nb3 Rad8 20. Bb2 Bf6 21. a4 Rfe8 22. e3 Re7 23. Ba3 Rc7 24. a5 cxd4 25. axb6 axb6 26. cxd4 Ra7 27. Bc1 Rda8 28. Nd2 Bd8 29. Bb2 Ra4 30. Bc3 Ra3 31. Rdc1 Kf7 32. Nf3 g5 33. d5 g4 34. dxc6 gxf3 35. Bb4 Rd3 36. Ra1 Rc8 37. Ra7+ Kg6 38. Rd7 Rxc6 39. h4 Bf6 40. Kh2 Bb2 41. Rc2 Bf6 42. h5+ Kxh5 43. Rxh7+ Kg6 44. Rd7 d5 45. c5 Rb3 46. Bd2 bxc5 47. Kh3 Rc8 48. g4 Be5 49. gxf5+ exf5 0-1

[Event "Senica op 4th"]
[Site "Senica"]
[Date "2012.08.07"]
[Round "8"]
[White "Kikinder, Roman"]
[Black "Pagerka, Martin"]
[Result "1-0"]
[WhiteElo "2123"]
[BlackElo "2258"]
[PlyCount "113"]
[EventDate "2012.08.03"]
[EventType "swiss"]
[EventRounds "9"]
[EventCountry "SVK"]
[SourceTitle "EXT 2014"]
[Source "ChessBase"]
[SourceDate "2013.11.20"]
[SourceVersion "1"]
[SourceVersionDate "2013.11.20"]
[SourceQuality "1"]

1. e4 c5 2. b3 Nf6 3. e5 Nd5 4. Bc4 Nc7 5. Qf3 Ne6 6. Bxe6 dxe6 7. Qe3 Qc7 8. Nf3 g6 9. Nc3 b6 10. Nb5 Qd7 11. a4 Bb7 12. d4 a6 13. Na3 cxd4 14. Nxd4 Bh6 15. f4 Bxg2 16. Rg1 Qb7 17. Nc4 Nd7 18. Nd2 0-0-0 19. a5 b5 20. Ba3 Nb8 21. Bc5 Nc6 22. Ne2 Nb8 23. Bb6 Rd7 24. Qc3+ Bc6 25. Ne4 Rd5 26. Nc5 Qa8 27. Qh3 Nd7 28. Nxd7 Rxd7 29. Qxh6 Bf3 30. f5 Qe4 31. Qe3 Qh4+ 32. Qf2 Qe4 33. Rg3 Qxe5 34. Qc5+ Qxc5 35. Bxc5 Bxe2 36. Kxe2 exf5 37. Rd3 Rxd3 38. cxd3 Kd7 39. Rc1 Rc8 40. b4 Ke6 41. d4 Kd5 42. Kd3 f6 43. Rd1 Rc7 44. Rd2 g5 45. Ke3 h5 46. h4 g4 47. Kf4 e6 48. Re2 Rg7 49. Re3 Rc7 50. Rd3 Rd7 51. Re3 Rg7 52. Rg3 Rd7 53. Rd3 Rf7 54. Re3 Rd7 55. Rd3 e5+ 56. dxe5+ Ke6 57. Rd6+ 1-0

[Event "SVK-chT2C 1112"]
[Site "Slovakia"]
[Date "2011.10.09"]
[Round "2.2"]
[White "Kikinder, Roman"]
[Black "Jurcik, Martin"]
[Result "0-1"]
[WhiteElo "2142"]
[BlackElo "2355"]
[PlyCount "122"]
[EventDate "2011.10.08"]
[EventType "team-tourn"]
[EventRounds "11"]
[EventCountry "SVK"]
[SourceTitle "EXT 2013"]
[Source "ChessBase"]
[SourceDate "2012.11.22"]
[SourceVersion "1"]
[SourceVersionDate "2012.11.22"]
[SourceQuality "1"]
[WhiteTeam "Zvolen Slavia"]
[BlackTeam "Cadca II"]
[WhiteTeamCountry "SVK"]
[BlackTeamCountry "SVK"]

1. e4 c5 2. Nf3 d6 3. c4 Bg4 4. h3 Bxf3 5. Qxf3 Nc6 6. Nc3 g6 7. Qd1 Bg7 8. Be2 e6 9. 0-0 Nge7 10. d3 0-0 11. Rb1 Nd4 12. Bd2 Qd7 13. b4 cxb4 14. Rxb4 d5 15. cxd5 exd5 16. Bg4 Qc6 17. exd5 Nxd5 18. Rc4 Qd6 19. Ne4 Qa3 20. Nc3 Rfd8 21. Nxd5 Rxd5 22. Qb1 b5 23. Bb4 Qa6 24. Rc7 h5 25. Bd1 Qb6 26. Qc1 a5 27. Be7 Qe6 28. Qe3 Qf5 29. g4 hxg4 30. Bxg4 Qe5 31. Qxe5 Bxe5 32. Rc5 Rxc5 33. Bxc5 f5 34. Bd1 Rc8 35. Bxd4 Bxd4 36. Bb3+ Kg7 37. Rb1 Rc3 38. a4 b4 39. Bc4 Rc2 40. Rf1 Kf6 41. Kg2 g5 42. Kg3 Bc5 43. Kf3 Rd2 44. Re1 Rxf2+ 45. Kg3 f4+ 46. Kg4 Be3 47. d4 Rg2+ 48. Kf3 Rd2 49. d5 Kf5 50. Re2 Rd1 51. Rc2 Rh1 52. Bd3+ Ke5 53. Kg4 Rg1+ 54. Kh5 Kxd5 55. Rc8 Kd4 56. Be2 b3 57. Rb8 Kc3 58. Bf3 b2 59. Be4 f3 60. Rf8 f2 61. Rf3 f1Q 0-1

[Event "SVK-chT2C 10/11"]
[Site "Slovakia"]
[Date "2010.10.24"]
[Round "2.5"]
[White "Kikinder, Roman"]
[Black "Toma, Rudolf"]
[Result "1-0"]
[WhiteElo "2151"]
[BlackElo "2079"]
[PlyCount "91"]
[EventDate "2010.10.23"]
[EventType "team-tourn"]
[EventRounds "11"]
[EventCountry "SVK"]
[SourceTitle "EXT 2019"]
[Source "ChessBase"]
[SourceDate "2018.10.10"]
[SourceVersion "1"]
[SourceVersionDate "2018.10.10"]
[SourceQuality "1"]
[WhiteTeam "Zvolen Slavia"]
[BlackTeam "Sklene Patriots CC"]
[WhiteTeamCountry "SVK"]
[BlackTeamCountry "SVK"]

1. e4 c6 2. d4 d5 3. Nc3 dxe4 4. Nxe4 Nd7 5. Nf3 Ngf6 6. Nc3 e6 7. Bc4 Nb6 8. Bd3 c5 9. 0-0 cxd4 10. Nb5 Be7 11. Bf4 Nbd5 12. Be5 a6 13. Nbxd4 Bd6 14. Re1 0-0 15. Qd2 Ng4 16. Bxd6 Qxd6 17. h3 Ngf6 18. Rad1 Nf4 19. Nxe6 Qxe6 20. Rxe6 Nxe6 21. Ne5 Nc5 22. Bc4 Be6 23. Qb4 Bxc4 24. Nxc4 Rac8 25. Ne3 b5 26. Nf5 Rc7 27. c3 g6 28. Qh4 gxf5 29. Qxf6 Ne6 30. Rd3 f4 31. g3 f3 32. Rd5 Rfc8 33. Qxf3 Rc5 34. Rxc5 Rxc5 35. Qa8+ Kg7 36. Qxa6 Rf5 37. Qd6 h5 38. Qd3 Kf6 39. h4 Re5 40. b4 Re1+ 41. Kh2 Re5 42. c4 bxc4 43. Qxc4 Ng7 44. Qc3 Ke6 45. f4 Re2+ 46. Kh3 1-0

[Event "SVK-chT2C 0809"]
[Site "Slovakia"]
[Date "2009.01.31"]
[Round "8.4"]
[White "Kikinder, Roman"]
[Black "Jelen, Peter1111"]
[Result "1-0"]
[WhiteElo "2130"]
[BlackElo "2015"]
[PlyCount "97"]
[EventDate "2008.10.11"]
[EventType "team-tourn"]
[EventRounds "11"]
[EventCountry "SVK"]
[SourceTitle "EXT 2010"]
[Source "ChessBase"]
[SourceDate "2010.11.25"]
[SourceVersion "1"]
[SourceVersionDate "2010.11.25"]
[SourceQuality "1"]
[WhiteTeam "Zvolen Slavia"]
[BlackTeam "Liptov SK III"]
[WhiteTeamCountry "SVK"]
[BlackTeamCountry "SVK"]

1. e4 c5 2. Nf3 d6 3. Nc3 Nc6 4. h3 g6 5. Bb5 Bg7 6. d3 Bd7 7. 0-0 Nf6 8. Nd5 0-0 9. c3 Ne5 10. a4 e6 11. Ne3 a6 12. Bxd7 Nexd7 13. Qb3 Qc7 14. Nd2 Qc6 15. c4 Nh5 16. Nf3 Ne5 17. Ne1 Nf4 18. Qc2 Bh6 19. Ng4 Nxg4 20. hxg4 e5 21. g3 Nh3+ 22. Kg2 Ng5 23. Rh1 Kg7 24. f4 exf4 25. gxf4 Qd7 26. Kg3 Ne6 27. Qh2 Bxf4+ 28. Bxf4 h5 29. gxh5 g5 30. Bd2 f5 31. h6+ Kh7 32. exf5 Rxf5 33. Nf3 Raf8 34. Rhf1 Qc6 35. Qe2 d5 36. cxd5 Qxd5 37. Qe4 Kxh6 38. Qxd5 Rxd5 39. Nxg5 Rxd3+ 40. Nf3+ Kg6 41. Rae1 Nd4 42. Be3 Nf5+ 43. Kf2 Nxe3 44. Rxe3 Rd2+ 45. Ke1 Rdd8 46. Ne5+ Kh5 47. Rh3+ Kg5 48. Rg3+ Kh4 49. Rg4+ 1-0

[Event "Liberec op"]
[Site "Liberec"]
[Date "2007.11.16"]
[Round "8"]
[White "Porat, Maya"]
[Black "Kikinder, Roman"]
[Result "1-0"]
[WhiteElo "2198"]
[BlackElo "2111"]
[PlyCount "121"]
[EventDate "2007.11.10"]
[EventType "swiss"]
[EventRounds "9"]
[EventCountry "CZE"]
[SourceTitle "CBM 121 Extra"]
[Source "ChessBase"]
[SourceDate "2008.01.10"]
[SourceVersion "1"]
[SourceVersionDate "2008.01.10"]
[SourceQuality "1"]

1. d4 Nf6 2. c4 e6 3. Nf3 b6 4. g3 Ba6 5. b3 Bb4+ 6. Bd2 Be7 7. Bg2 d5 8. Ne5 Ne4 9. Qc2 Bb7 10. Nc3 f6 11. Ng4 Nc6 12. cxd5 exd5 13. Nxe4 Nxd4 14. Qb2 dxe4 15. Rd1 Nb5 16. 0-0 Qd4 17. Qc2 f5 18. Ne3 Qe5 19. Bc1 Nd4 20. Rxd4 Qxd4 21. Qxc7 Qd7 22. Qe5 0-0 23. Rd1 Qe8 24. Nxf5 Bf6 25. Qf4 Qe5 26. Qg4 Bc8 27. Nh6+ Kh8 28. Qxe4 Qxe4 29. Bxe4 Rb8 30. Bf4 Bb7 31. Bxb8 Bxe4 32. Bd6 Re8 33. Ng4 Rd8 34. Nxf6 gxf6 35. Rd4 Bg6 36. Be5 Rf8 37. Bd6 Rf7 38. e4 Kg7 39. g4 Rd7 40. f3 Kf7 41. Be5 Rxd4 42. Bxd4 Ke6 43. Kf2 Be8 44. Ke3 Bb5 45. f4 Bf1 46. h4 Bh3 47. f5+ Ke7 48. Kf4 Bf1 49. g5 fxg5+ 50. hxg5 Bd3 51. e5 Bb1 52. a3 Bc2 53. b4 Bb1 54. e6 Kd6 55. Be5+ Ke7 56. Bb8 a5 57. Ke5 Ke8 58. f6 Bg6 59. f7+ Bxf7 60. exf7+ Kxf7 61. b5 1-0

[Event "Liberec op"]
[Site "Liberec"]
[Date "2007.11.13"]
[Round "4"]
[White "Ksieski, Zbigniew"]
[Black "Kikinder, Roman"]
[Result "1-0"]
[WhiteElo "2400"]
[BlackElo "2111"]
[PlyCount "99"]
[EventDate "2007.11.10"]
[EventType "swiss"]
[EventRounds "9"]
[EventCountry "CZE"]
[SourceTitle "EXT 2008"]
[Source "ChessBase"]
[SourceDate "2007.11.25"]
[SourceVersion "1"]
[SourceVersionDate "2007.11.25"]
[SourceQuality "1"]

1. d4 f5 2. c4 Nf6 3. Nc3 e6 4. g3 d5 5. Bg2 c6 6. Nf3 Bd6 7. Bf4 Ne4 8. Bxd6 Qxd6 9. 0-0 Nd7 10. Rc1 0-0 11. Qb3 Kh8 12. Nb1 g5 13. Nfd2 Nef6 14. Qa3 Qb8 15. Qe3 Ne4 16. Nxe4 dxe4 17. Qxg5 Qd6 18. Rfd1 Nf6 19. Qe3 Bd7 20. f3 exf3 21. exf3 Rae8 22. Qe5 Qb4 23. b3 Kg8 24. Nc3 Rf7 25. Ne2 Bc8 26. Nf4 h5 27. Nd3 Qa3 28. Rc2 Kh7 29. Qf4 Rg7 30. Re2 b5 31. c5 a5 32. Qh4 Rf8 33. Nf4 Kh6 34. Nxe6 Bxe6 35. Rxe6 Rg6 36. Qf4+ Kg7 37. Qxf5 Qxa2 38. Re7+ Rf7 39. Qe6 Rxe7 40. Qxe7+ Kh6 41. Qf8+ Kh7 42. Re1 Nd5 43. Qf5 Qd2 44. Qxh5+ Kg7 45. Qe5+ Rf6 46. f4 a4 47. bxa4 bxa4 48. Bxd5 cxd5 49. Rb1 Kh7 50. Rb7+ 1-0

[Event "SVK-chT2C 0607"]
[Site "Slovakia"]
[Date "2007.03.17"]
[Round "10.4"]
[White "Kikinder, Roman"]
[Black "Singliar, Anton"]
[Result "1/2-1/2"]
[WhiteElo "2167"]
[BlackElo "2139"]
[PlyCount "39"]
[EventDate "2006.10.14"]
[EventType "team-tourn"]
[EventRounds "11"]
[EventCountry "SVK"]
[SourceTitle "EXT 2019"]
[Source "ChessBase"]
[SourceDate "2018.10.10"]
[SourceVersion "1"]
[SourceVersionDate "2018.10.10"]
[SourceQuality "1"]
[WhiteTeam "Zvolen Slavia"]
[BlackTeam "Dolny Kubin"]
[WhiteTeamCountry "SVK"]
[BlackTeamCountry "SVK"]

1. e4 e5 2. Nf3 Nc6 3. Bb5 Qe7 4. 0-0 Nd8 5. d4 c6 6. Bc4 d6 7. Nc3 Nf6 8. Bg5 g6 9. Bb3 Bg7 10. h3 h6 11. Bh4 0-0 12. Re1 Qc7 13. Bg3 Nh5 14. Bh2 Ne6 15. Ne2 Rd8 16. c3 Nef4 17. Nxf4 Nxf4 18. Qd2 g5 19. Rad1 Be6 20. Bxf4 1/2-1/2

[Event "SVK-ch op-A"]
[Site "Banska Stiavnica"]
[Date "2006.07.08"]
[Round "1"]
[White "Kikinder, Roman"]
[Black "Berezjuk, Sergej"]
[Result "0-1"]
[WhiteElo "2116"]
[BlackElo "2445"]
[PlyCount "82"]
[EventDate "2006.07.08"]
[EventType "swiss"]
[EventRounds "9"]
[EventCountry "SVK"]
[SourceTitle "CBM 113 Extra"]
[Source "ChessBase"]
[SourceDate "2006.09.14"]
[SourceVersion "1"]
[SourceVersionDate "2006.09.14"]
[SourceQuality "1"]

1. e4 c5 2. Nf3 d6 3. d4 cxd4 4. Nxd4 Nf6 5. Nc3 a6 6. Be2 e6 7. 0-0 Be7 8. Be3 Nc6 9. Qd2 0-0 10. f4 Qc7 11. Nxc6 bxc6 12. g4 d5 13. Bf3 Bb4 14. e5 Nd7 15. a3 Be7 16. Na4 a5 17. c4 Ba6 18. Be2 dxc4 19. Rac1 Bb5 20. Qc2 Bxa4 21. Qxa4 Nb6 22. Qc2 Nd5 23. Bd4 c3 24. Qe4 cxb2 25. Bxb2 Rab8 26. Bd4 Bxa3 27. Rc2 Rfd8 28. f5 Bf8 29. f6 g6 30. Rf3 c5 31. Bf2 Qb7 32. Kg2 Qb1 33. Bc4 Qd1 34. Be2 Qb1 35. Bc4 Rb4 36. Be1 Rb2 37. Rff2 Rxc2 38. Rxc2 Qxc2+ 39. Qxc2 Ne3+ 40. Kf3 Nxc2 41. Bxa5 Ra8 0-1

[Event "SVK-chT2C 0506"]
[Site "Slovakia"]
[Date "2005.11.26"]
[Round "3.1"]
[White "Hrabusa, Matej"]
[Black "Kikinder, Roman"]
[Result "1-0"]
[WhiteElo "2096"]
[BlackElo "2135"]
[PlyCount "77"]
[EventDate "2005.10.22"]
[EventType "team-tourn"]
[EventRounds "11"]
[EventCountry "SVK"]
[SourceTitle "EXT 2009"]
[Source "ChessBase"]
[SourceDate "2008.11.26"]
[SourceVersion "1"]
[SourceVersionDate "2008.11.26"]
[SourceQuality "1"]

1. e4 e5 2. Bc4 Nf6 3. d3 d5 4. exd5 Nxd5 5. Nf3 Nc6 6. Qe2 Bg4 7. h3 Bxf3 8. Qxf3 Nce7 9. Nc3 c6 10. 0-0 f6 11. Qe4 Nb6 12. Bb3 Qd4 13. Qxd4 exd4 14. Ne4 Ned5 15. Re1 0-0-0 16. Bd2 Nc7 17. a4 Nbd5 18. a5 Bb4 19. c3 dxc3 20. bxc3 Bf8 21. d4 h6 22. g4 Ne7 23. Bf7 Ned5 24. Ng3 Kb8 25. Nf5 g5 26. Rab1 Rh7 27. Bg6 Rhd7 28. c4 Ne7 29. Nxe7 Rxe7 30. Bc3 Rdd7 31. Be4 Na6 32. Bxc6 Rxe1+ 33. Bxe1 Rc7 34. Bb5 Kc8 35. Bc3 Nb8 36. d5 Be7 37. Re1 a6 38. d6 axb5 39. dxe7 1-0

[Event "SVK-chT2 0304"]
[Site "Slovakia"]
[Date "2004.??.??"]
[Round "6"]
[White "Kikinder, Roman"]
[Black "Turna, Stefan"]
[Result "0-1"]
[WhiteElo "2139"]
[BlackElo "2238"]
[PlyCount "104"]
[EventDate "2003.10.??"]
[EventType "team"]
[EventRounds "11"]
[EventCountry "SVK"]
[SourceTitle "EXT 2006"]
[Source "ChessBase"]
[SourceDate "2005.11.24"]
[SourceVersion "1"]
[SourceVersionDate "2005.11.24"]
[SourceQuality "1"]

1. e4 c5 2. Nf3 d6 3. d4 cxd4 4. Nxd4 Nf6 5. Nc3 a6 6. Be3 e6 7. f3 Nc6 8. Qd2 Be7 9. 0-0-0 0-0 10. g4 Nd7 11. Kb1 Nde5 12. Qf2 b5 13. Nxc6 Nxc6 14. f4 Bd7 15. h4 Rb8 16. g5 Qc7 17. Bd3 Rfc8 18. Ne2 Nb4 19. Nc1 Bc6 20. Rhg1 d5 21. e5 d4 22. Bxd4 Bd5 23. c3 Nxd3 24. Nxd3 a5 25. b3 a4 26. b4 Qc4 27. Ka1 Rd8 28. Rge1 g6 29. Qe2 Qc6 30. Rc1 Bc4 31. Qe3 Qd5 32. a3 Bxd3 33. Qxd3 Qb3 34. Qc2 Qxa3+ 35. Qa2 Qxa2+ 36. Kxa2 Bxb4 37. Red1 Rbc8 38. Kb2 Rc4 39. Rd3 Bc5 40. Rcd1 Bxd4 41. Rxd4 Rdxd4 42. cxd4 b4 43. h5 gxh5 44. d5 exd5 45. f5 Rf4 46. f6 h6 47. gxh6 Kh7 48. Rg1 Rf2+ 49. Kb1 Kxh6 50. Rg7 a3 51. Rxf7 b3 52. Kc1 b2+ 0-1

[Event "SVK-chT2 0304"]
[Site "Slovakia"]
[Date "2004.??.??"]
[Round "10"]
[White "Matejov, Jaroslav"]
[Black "Kikinder, Roman"]
[Result "1-0"]
[WhiteElo "2202"]
[BlackElo "2139"]
[PlyCount "83"]
[EventDate "2003.10.??"]
[EventType "team"]
[EventRounds "11"]
[EventCountry "SVK"]
[SourceTitle "EXT 2006"]
[Source "ChessBase"]
[SourceDate "2005.11.24"]
[SourceVersion "1"]
[SourceVersionDate "2005.11.24"]
[SourceQuality "1"]

1. e4 e5 2. Nf3 d6 3. d4 exd4 4. Nxd4 Nf6 5. Nc3 Be7 6. Be2 0-0 7. 0-0 d5 8. e5 Ne4 9. Nxe4 dxe4 10. Bf4 a6 11. c3 c5 12. Nb3 Bf5 13. Bc4 Nc6 14. Qe2 Qc7 15. Bd5 Nxe5 16. Bxe4 Bxe4 17. Qxe4 Bd6 18. Rad1 Rae8 19. Bg3 c4 20. Nd4 Nd3 21. Bxd6 Qxd6 22. Qg4 Qg6 23. Qf3 Re4 24. Nf5 Rfe8 25. Ng3 Rf4 26. Qxb7 h5 27. Qd7 Re6 28. f3 Kh7 29. Qc7 Rc6 30. Qa7 Nxb2 31. Rd5 f5 32. Qb8 Nd3 33. Rxd3 cxd3 34. Qxf4 Rxc3 35. Qd4 Rc2 36. Qxd3 Qb6+ 37. Kh1 Qb2 38. Qxf5+ g6 39. Qf7+ Kh6 40. Re1 Rxg2 41. Qf4+ g5 42. Re6+ 1-0

[Event "Tatry op"]
[Site "Tatranske Zruby"]
[Date "2003.09.28"]
[Round "2"]
[White "Cech, Pavel"]
[Black "Kikinder, Roman"]
[Result "1-0"]
[WhiteElo "2400"]
[BlackElo "2142"]
[PlyCount "81"]
[EventDate "2003.09.27"]
[EventType "swiss"]
[EventRounds "9"]
[EventCountry "SVK"]
[SourceTitle "CBM 096 Extra"]
[Source "ChessBase"]
[SourceDate "2003.10.22"]
[SourceVersion "2"]
[SourceVersionDate "2003.10.20"]
[SourceQuality "1"]

1. d4 d5 2. c4 c6 3. Nf3 Nf6 4. Nc3 g6 5. cxd5 cxd5 6. Bf4 Nc6 7. e3 Bg7 8. Bd3 0-0 9. h3 Qb6 10. Qe2 Bd7 11. Ne5 Rfd8 12. 0-0 Nb4 13. Nxd7 Nxd7 14. Bb5 e5 15. Bg5 f6 16. a3 exd4 17. exd4 fxg5 18. axb4 Nf6 19. Na4 Qxd4 20. Nc5 Ne4 21. Nxb7 Rf8 22. Bc6 Rf5 23. Rad1 Qxb4 24. Bxd5+ Rxd5 25. Rxd5 Qxb7 26. Qxe4 Qxb2 27. Rb1 Qf6 28. Rd6 Qf8 29. Qd5+ Kh8 30. Rd7 Qg8 31. Qxg5 Rf8 32. Rbb7 Rf5 33. Qh4 a5 34. Rxg7 Qxg7 35. Rxg7 Kxg7 36. Qe7+ Kh6 37. g4 Rf3 38. Kg2 Rb3 39. f4 Rb2+ 40. Kg3 Rb3+ 41. Kh4 1-0

[Event "SVK-chT3C 0203"]
[Site "Slovakia"]
[Date "2003.??.??"]
[Round "?"]
[White "Kikinder, Roman"]
[Black "Lednicky, Martin"]
[Result "1-0"]
[WhiteElo "2210"]
[BlackElo "2214"]
[PlyCount "129"]
[EventDate "2002.10.??"]
[EventType "team"]
[EventRounds "11"]
[EventCountry "SVK"]
[SourceTitle "EXT 2005"]
[Source "ChessBase"]
[SourceDate "2004.11.15"]
[SourceVersion "1"]
[SourceVersionDate "2004.11.15"]
[SourceQuality "1"]

1. e4 e6 2. d4 d5 3. Nd2 Nf6 4. Bd3 c5 5. dxc5 Bxc5 6. e5 Nfd7 7. Qg4 g6 8. f4 Bxg1 9. Rxg1 Nc5 10. Be2 Nc6 11. Qg3 Qb6 12. Rf1 Bd7 13. Nb3 Nb4 14. Bd1 Ne4 15. Qe3 Rc8 16. Qxb6 axb6 17. Nd4 Nc6 18. Be3 h5 19. Nb3 Nb4 20. Nd4 h4 21. a3 Nc6 22. Nb3 g5 23. c3 gxf4 24. Bxf4 Nc5 25. Kd2 Rg8 26. Rg1 Ne4+ 27. Ke3 f6 28. exf6 Nxf6 29. h3 e5 30. Bh2 Be6 31. Nd2 d4+ 32. Kf2 Nd5 33. cxd4 Rf8+ 34. Bf3 Nxd4 35. Rac1 Rxc1 36. Rxc1 Nf4 37. Bxf4 Rxf4 38. Re1 Rf5 39. Re4 Nxf3 40. Nxf3 Kd7 41. Rxe5 Rf8 42. Ke3 Kd6 43. Rh5 Re8 44. Kd2 Rg8 45. Nxh4 Rg3 46. Rh6 Kd5 47. Rg6 Rb3 48. Kc2 Re3 49. Rg5+ Kc4 50. Nf3 Bd5 51. Nd2+ Kd4 52. Rg4+ Kc5 53. h4 Re2 54. Kd3 Re1 55. Rg5 Kd6 56. h5 Rh1 57. Nc4+ Kc6 58. Ne3 Ba2 59. g4 Bb1+ 60. Kd4 Rh2 61. Nf5 Rxb2 62. h6 Rh2 63. Ke5 Kb5 64. Rh5 Re2+ 65. Kf6 1-0

[Event "SVK-chT3C 0203"]
[Site "Slovakia"]
[Date "2003.??.??"]
[Round "?"]
[White "Kostelny, Jozef"]
[Black "Kikinder, Roman"]
[Result "0-1"]
[WhiteElo "2212"]
[BlackElo "2088"]
[PlyCount "80"]
[EventDate "2002.10.??"]
[EventType "team"]
[EventRounds "11"]
[EventCountry "SVK"]
[SourceTitle "EXT 2005"]
[Source "ChessBase"]
[SourceDate "2004.11.15"]
[SourceVersion "1"]
[SourceVersionDate "2004.11.15"]
[SourceQuality "1"]

1. d4 d5 2. c4 c6 3. Nc3 Nf6 4. Nf3 g6 5. Bf4 Bg7 6. e3 0-0 7. Qb3 dxc4 8. Bxc4 Nbd7 9. 0-0 Nb6 10. Bd3 Be6 11. Qd1 Nh5 12. Be5 f6 13. Bg3 Nxg3 14. hxg3 Qd7 15. Ne4 Bf7 16. Nc5 Qc7 17. Qe2 Nd7 18. Rfc1 Nxc5 19. Rxc5 Rfd8 20. Bc4 e6 21. Bb3 Rd7 22. Rac1 Rad8 23. Nd2 Bf8 24. R5c2 e5 25. Bxf7+ Kxf7 26. Nf3 e4 27. Nd2 Re8 28. Nb3 Kg7 29. Nc5 Rd5 30. Rc4 Qf7 31. b4 f5 32. a4 a6 33. R4c2 g5 34. b5 axb5 35. axb5 Bxc5 36. Rxc5 Rxc5 37. Rxc5 Ra8 38. g4 Ra1+ 39. Kh2 Qg6 40. Kg3 Qh6 0-1

[Event "SVK-chB op"]
[Site "Kaskady"]
[Date "2002.07.04"]
[Round "6.26"]
[White "Kruppa, Dominik"]
[Black "Kikinder, Roman"]
[Result "0-1"]
[WhiteElo "2121"]
[BlackElo "2088"]
[PlyCount "102"]
[EventDate "2002.06.29"]
[EventType "swiss"]
[EventRounds "9"]
[EventCountry "SVK"]
[SourceTitle "CBM 089 Extra"]
[Source "ChessBase"]
[SourceDate "2002.09.10"]
[SourceVersion "2"]
[SourceVersionDate "2002.09.10"]
[SourceQuality "1"]

1. e4 e5 2. Nf3 Nf6 3. Nxe5 d6 4. Nf3 Nxe4 5. d4 d5 6. Bd3 Nf6 7. 0-0 Bg4 8. h3 Bh5 9. Re1+ Be7 10. Bg5 0-0 11. Re5 Nbd7 12. Bxf6 Nxf6 13. Nbd2 Bd6 14. Re1 Qd7 15. c3 c6 16. Qc2 Bg6 17. Bxg6 hxg6 18. Ne5 Qf5 19. Qxf5 gxf5 20. Re2 Ne4 21. Rae1 Rfe8 22. Nd3 Kf8 23. Nb3 b6 24. f3 Ng3 25. Rxe8+ Rxe8 26. Rxe8+ Kxe8 27. Ne5 Bxe5 28. dxe5 c5 29. Kf2 f4 30. Nc1 c4 31. b3 Kd7 32. bxc4 dxc4 33. a4 Ke6 34. Na2 a5 35. Nc1 Kxe5 36. Ne2 Nf5 37. Kf1 g5 38. Kg1 Nd6 39. Nd4 Nb7 40. Kf2 Nc5 41. Ke2 Nxa4 42. Kd2 Nc5 43. Nc6+ Kd6 44. Nd8 f6 45. Nf7+ Ke7 46. Nh6 Ke6 47. Kc2 Nd3 48. Kd2 a4 49. Kc2 Ne1+ 50. Kb2 Nxg2 51. Ka3 b5 0-1

[Event "SVK-chB op"]
[Site "Kaskady"]
[Date "2002.07.03"]
[Round "5.27"]
[White "Kikinder, Roman"]
[Black "Toth Vano, Peter"]
[Result "1/2-1/2"]
[WhiteElo "2088"]
[BlackElo "2110"]
[PlyCount "124"]
[EventDate "2002.06.29"]
[EventType "swiss"]
[EventRounds "9"]
[EventCountry "SVK"]
[SourceTitle "CBM 089 Extra"]
[Source "ChessBase"]
[SourceDate "2002.09.10"]
[SourceVersion "2"]
[SourceVersionDate "2002.09.10"]
[SourceQuality "1"]

1. e4 d5 2. exd5 Nf6 3. Bb5+ Bd7 4. Bc4 Bg4 5. f3 Bc8 6. Bb5+ Bd7 7. Bc4 b5 8. Bb3 a5 9. a3 c6 10. Nc3 c5 11. d3 Qc7 12. Nge2 Na6 13. Bf4 Qb7 14. 0-0 a4 15. Ba2 b4 16. Ne4 Nxd5 17. Bc4 Nxf4 18. Nxf4 e6 19. Qe2 Nc7 20. Rfe1 Be7 21. Qf2 Qc6 22. Nh5 0-0 23. Qg3 Ne8 24. Qf4 Qc7 25. Qe3 g6 26. Nhg3 Nf6 27. Ng5 Bd6 28. N5e4 Nxe4 29. Nxe4 bxa3 30. Qh6 f6 31. bxa3 Kh8 32. Nxd6 Qxd6 33. Rab1 Rab8 34. Qe3 e5 35. Kh1 Rxb1 36. Rxb1 Rb8 37. Rxb8+ Qxb8 38. h3 Qd6 39. Qh6 Qe7 40. Qh4 Kg7 41. Qe4 f5 42. Qb7 Kf6 43. Bb5 Bxb5 44. Qxb5 Qa7 45. h4 Ke6 46. Qc6+ Ke7 47. Kh2 f4 48. Qd5 Qc7 49. Qe4 Kf7 50. Qxa4 Qe7 51. Qc4+ Kg7 52. g3 g5 53. h5 Qb7 54. Kg2 g4 55. Qe4 Qb2 56. fxg4 Qxc2+ 57. Kh3 Qc1 58. Qxe5+ Kg8 59. Qg5+ Kh8 60. Qe5+ Kg8 61. Qd5+ Kg7 62. Qg5+ Kh8 1/2-1/2

[Event "SVK-chT3C 0203"]
[Site "Slovakia"]
[Date "2002.??.??"]
[Round "?"]
[White "Giertli, Vladimir"]
[Black "Kikinder, Roman"]
[Result "1/2-1/2"]
[WhiteElo "2173"]
[BlackElo "2088"]
[PlyCount "20"]
[EventDate "2002.10.??"]
[EventType "team"]
[EventRounds "11"]
[EventCountry "SVK"]
[SourceTitle "EXT 2005"]
[Source "ChessBase"]
[SourceDate "2004.11.15"]
[SourceVersion "1"]
[SourceVersionDate "2004.11.15"]
[SourceQuality "1"]

1. e4 e5 2. Nf3 Nf6 3. Nc3 Bb4 4. Bc4 d6 5. Qe2 0-0 6. h3 Nc6 7. a3 Ba5 8. b4 Bb6 9. Na4 d5 10. Nxb6 axb6 1/2-1/2